Jugadores con más asistencias de la historia de la liga - Estadísticas

Estadísticas generales
  • Esta prueba ha sido intentada 132 veces
  • La puntuación promedio es 15 de 41
Estadísticas de respuestas
Nº Asistencias Jugador % Correcto
216 Messi
99%
95 Cristiano Ronaldo
97%
130 Xavi
92%
84 Iniesta
91%
119 Benzema
82%
84 Luis Suárez
82%
61 Modric
82%
49 Neymar Jr
81%
72 Kroos
78%
99 Raúl
50%
94 Griezmann
49%
87 Dani Alves
46%
74 Jordi Alba
41%
72 Marcelo
41%
91 Koke
39%
54 Ozil
35%
55 Isco
34%
67 Iago Aspas
32%
71 Joaquín
30%
50 Ronaldinho
30%
61 Di María
29%
83 Parejo
28%
67 Guti
27%
51 Zidane
27%
105 Figo
21%
85 Jesús Navas
21%
54 Cazorla
18%
78 Roberto Carlos
18%
94 Butragueño
14%
54 Aduriz
11%
49 Iñaki Williams
11%
134 Míchel
7%
50 Raúl García
5%
60 Susaeta
5%
52 Canales
4%
52 Lucas Vázquez
3%
62 Pedro León
2%
56 Reyes
2%
53 Molowny
0%
71 Raktic
0%
61 Sergio García
0%
No se encontraron pruebas coincidentes
Distribución de puntuación
Porcentaje de gente con cada puntuación
Porcentaje por número respondido
Historial de tus puntuaciones
No has intentado esta prueba.